000
00312nam a22001217a 4500
008
160518b xxu||||| |||| 00| 0 eng d
020
_a
9780323052504
020
_a
9780323052504
041
_a
eng
080
_a
618.2
245
_a
Mosbys textbook for nursing assistonts:
_c
Sheila A. Sorrentino;
942
_2
udc
_c
BK
999
_c
2162
_d
2162